Propuesta de aplicación web del expediente académico para los docentes de la Facultad de Electrotecnia y Computación de la Universida Nacional de Ingeniería: Manuales de usuario y del programador
Presenta los manuales de usuario y programador de la aplicación web del expediente académico para los docentes, el estudio así como la aplicación desarrollada integra un manual de usuario, el cual servirá de guía para hacer uso del sistema.
| Main Authors: | , |
|---|---|
| Other Authors: | |
| Format: | Tesis Section = Libro |
| Language: | Undetermined Spanish |
| Published: |
Managua
UNI
2019
|
| Subjects: |
| LEADER | 01216nam a2200265Ia 4500 | ||
|---|---|---|---|
| 008 | 240830s9999 xx 000 0 und d | ||
| 040 | |a BIBLIOTECA-RUSB/ Mon 005.1 G216ma | ||
| 041 | |a spa | ||
| 082 | |a Mon 005.1 G216ma | ||
| 100 | 1 | |a García Aguirre, Sobeyda Azucena | |
| 100 | 1 | |b Aguilar Largaespada, Verónica Auxiliadora | |
| 245 | 1 | 0 | |a Propuesta de aplicación web del expediente académico para los docentes de la Facultad de Electrotecnia y Computación de la Universida Nacional de Ingeniería: Manuales de usuario y del programador |
| 260 | |a Managua |b UNI |c 2019 | ||
| 300 | |a 31 p. :il. | ||
| 500 | |a Contiene anexos. | ||
| 502 | |a Tesis (Ingeniero en Computación) - UNI, 2019. | ||
| 520 | 3 | |a Presenta los manuales de usuario y programador de la aplicación web del expediente académico para los docentes, el estudio así como la aplicación desarrollada integra un manual de usuario, el cual servirá de guía para hacer uso del sistema. | |
| 650 | 7 | |a MANUAL DE USUARIO- PROGRAMADOR | |
| 650 | 7 | |b APLICACION WEB | |
| 650 | 7 | |c BASE DE DATOS | |
| 650 | 7 | |d INGENIERIA- SOFTWARE | |
| 700 | 1 | |a Tutor: |b Flores Quintanilla, Gloria Talía | |
| 942 | |c BK |2 ddc | ||
| 991 | |a TESIS | ||
| 999 | |c 19677 | ||